000 00912nas a2200301 4500
001 BR0804404
003 BR-BrBNA
005 20231205111805.0
007 ta
008 230509b bl.|||p| |||| 00| 00por d
040 _aBR-BrBNA
_bpor
_cBiblioteca Nacional de Agricultura
041 _a(Pt)
072 _aP06; H50
100 1 _aPereira, F.HF.
100 1 _aPuiatti, M.
100 1 _aFontes, P.CR.
100 1 _aAquino, L.A.
245 1 _aProdução de biomassa e rizomas e incidência de "Mestsubure" em taro submetido a doses de potássio com e sem adição de cálcio
650 _aBIOMASSA
650 _aRIZOMA
650 _aPOTÁSSIO
650 _aINHAME
650 _aTARO
650 _aDISTÚRBIO VEGETAL
773 0 _tHorticultura Brasileira (Brazil)
_xISSN 0102-0536
_g(Jan-Mar 2006), v. 24(1) p. 17-21
_wBR0804404
909 _a202311
_bLúcia
_c55
_dLúcia Elande
942 _2AGRIS
_n0
_cANA
999 _c194501
_d194501